000 00373nam a22001217a 4500
082 _aTHE 200
100 _aMUHAMMAD IBRAHIM
_950816
245 _aTH-SOF-0965-QUANTITATIVE BOND GRAPH APPROACH FOR TROUBLESHOOTING ELECTRICAL SYSTEMS
260 _aNUST COLLEGE OF EME
_bISLAMABAD
_c2001
650 _aMS-ELECT-67 MSTHESIS
700 _aDR MUHAMMAD SALMAN
_929314
942 _cCF
999 _c578631
_d578631